书目信息 |
| 题名: |
煤矿安全生产规定
|
|
| 作者: | ;中国法制出版社 编 | |
| 分册: | ||
| 出版信息: | 北京 中国法制出版社 2003.08 |
|
| 页数: | 159页 | |
| 开本: | 20cm | |
| 丛书名: | 公平之剑丛书 | |
| 单 册: | ||
| 中图分类: | D922.62 | |
| 科图分类: | ||
| 主题词: | 法律援助--法规--汇编--中国 | |
| 电子资源: | ||
| ISBN: | 7-80182-154-8 | |
| 000 | 00876nam 2200241 450 | |
| 001 | 010563645281 | |
| 005 | 20220519153743.17 | |
| 010 | @a7-80182-154-8@dRMB 9.00 | |
| 100 | @a20050223d2003 km y0chiy0120 ea | |
| 101 | 0 | @achi |
| 102 | @aCN@b110000 | |
| 105 | @ay z 000yy | |
| 200 | 1 | @a煤矿安全生产规定@Amei kuang an quan sheng chan gui ding@f中国法制出版社编@Fzhong guo fa zhi chu ban she bian |
| 210 | @a北京@c中国法制出版社@d2003.08 | |
| 215 | @a159页@d20cm | |
| 225 | 2 | @a公平之剑丛书 |
| 330 | @a本书内容包括:法律援助条例,中华人民共和国律师法,最高人民法院 司法部关于刑事法律援助工作的联合通知,司法部关于开展法律援助工作的通知等。 | |
| 410 | 0 | @12001 @a公平之剑丛书 |
| 606 | 0 | @a法律援助@x法规@x汇编@y中国 |
| 690 | @aD922.62@v4 | |
| 711 | 0 | @a中国法制出版社@Azhong guo fa zhi chu ban she@4编 |
| 801 | 0 | @aCN@bQSSK@c20051007 |
| 905 | @a10447@dD922.62@eZ562 | |
| 煤矿安全生产规定/中国法制出版社编.-北京:中国法制出版社,2003.08 |
| 159页;20cm.-(公平之剑丛书) |
| ISBN 7-80182-154-8:RMB 9.00 |
| 本书内容包括:法律援助条例,中华人民共和国律师法,最高人民法院 司法部关于刑事法律援助工作的联合通知,司法部关于开展法律援助工作的通知等。 |
| ● |
| 相关链接 |
|
|
|
正题名:煤矿安全生产规定
索取号:D922.62/Z562
 
预约/预借
| 序号 | 登录号 | 条形码 | 馆藏地/架位号 | 状态 | 备注 |
| 1 | 573598 | 205735980 | 社科库509/509社科库 90排1列4层/ [索取号:D92/Z494] | 在馆 | |
| 2 | 573599 | 205735999 | 社科库509/509社科库 90排1列4层/ [索取号:D92/Z494] | 在馆 | |
| 3 | 573600 | 205736006 | 社科库509/509社科库 90排1列4层/ [索取号:D92/Z494] | 在馆 |